Boombay from precincts to sprawl (Record no. 4052)

000 -LEADER
fixed length control field 00271nam a2200109Ia 4500
008 - FIXED-LENGTH DATA ELEMENTS--GENERAL INFORMATION
fixed length control field 200302s9999 xx 000 0 und d
100 ## - MAIN ENTRY--PERSONAL NAME
Personal name Kamu Iyer
245 ## - TITLE STATEMENT
Title Boombay from precincts to sprawl
260 ## - PUBLICATION, DISTRIBUTION, ETC.
Name of publisher, distributor, etc. Popular Prakshan Publishiers
260 ## - PUBLICATION, DISTRIBUTION, ETC.
Date of publication, distribution, etc. 2014
300 ## - PHYSICAL DESCRIPTION
Extent 191 P.,
Holdings
Withdrawn status Lost status Damaged status Not for loan Permanent Location Current Location Date acquired Cost, normal purchase price Total Checkouts Full call number Barcode Date last seen Date last checked out Price effective from Koha item type
        BMS College of Architecture, Design and Planning BMS College of Architecture, Design and Planning 2020-03-03 750.00 1 720.954792 CL-UG69037 2025-11-25 2025-11-12 2020-03-03 UG Books from CL
Copyright © 2025, The Librarian, Library and Information Centre, BMSCA D&P, Bengaluru. All Rights Reserved
web counter

Powered by Koha